[Event "Sao Paulo zt"]
[Site "Sao Paulo"]
[Date "1993.??.??"]
[Round "7"]
[White "Lima, Darcy Gustavo Macha"]
[Black "Milos, Gilberto"]
[Result "1-0"]
[WhiteElo "2445"]
[BlackElo "2560"]
[Annotator "Ftacnik,L"]
[PlyCount "105"]
[EventDate "1993.??.??"]
[EventType "swiss"]
[EventRounds "9"]
[EventCountry "BRA"]
[SourceTitle "CBM 036"]
[Source "ChessBase"]
[SourceDate "1993.10.01"]
[SourceVersion "1"]
[SourceVersionDate "1993.10.01"]
[SourceQuality "1"]

1. d4 Nf6 2. c4 e6 3. Nc3 d5 4. Nf3 Be7 5. Bf4 O-O 6. e3 c5 7. dxc5 Bxc5 8.
cxd5 Nxd5 9. Nxd5 exd5 10. a3 Nc6 11. Bd3 Bb6 12. O-O Bg4 13. h3 Bh5 14. b4 Re8
(14... a6 15. Rc1 (15. Ra2 d4 16. e4 Bc7 17. Bxc7 Qxc7 18. g4 Bg6 19. Re2 Rfe8
20. Qd2 Rad8 21. Nh4 Qe7 22. Nf5 Bxf5 23. exf5 Qd6 24. Be4 $10 {Seirawan,
Y-Georgiev,Kir/Dubai ol/1986/0-1 (76)}) 15... d4 16. g4 Bg6 17. e4 Re8 $5 (
17... Rc8 18. Re1 Re8 19. Kg2 Bc7 20. Qd2 Bxf4 $14 {Epishin,V-Van der Sterren,
P/Ter Apel/1992/}) 18. Nd2 Rc8 19. Bg3 f6 20. b5 axb5 21. Qb3+ Kh8 22. Qxb5 Bc7
$1 23. Qxb7 Bxg3 24. Rxc6 $10 {Beliavsky,A-Georgiev,Ki/Biel/1992/0.5 (33)}) 15.
Rc1 (15. g4 Bg6 16. Bxg6 hxg6 17. b5 Na5 18. Qd3 Nc4 19. Qb3 Qf6 20. Rad1 Rad8
21. Kg2 Qe7 22. Rd3 Qe4 23. Kg3 Nb2 24. Rd2 $10 {Chiburdanidze,M-Geller,E/
Aruba Tumba (01)/1992/0.5 (26)}) (15. Ra2 d4 16. b5 (16. e4 Bc7 17. Bxc7 Qxc7
18. g4 Bg6 19. Qc1 Qd6 20. Re1 Nd8 21. Nh4 Ne6 22. Ng2 Rac8 23. Qd2 f6 24. h4
$10 {Tunik,G-Kharitonov,A/URS-sf Russia-ch Gorky/1989/0.5 (46)}) 16... Na5 (
16... Bxf3 $5 17. Qxf3 dxe3 $4 18. bxc6 Qxd3 19. cxb7 exf2+ 20. Kh2 $1 $18 {
Gavrikov,V-Kharitonov,A/USSR ch/1988/0.5 (35)}) (16... Ne5 17. Bxe5 Bxf3 18.
Qxf3 Rxe5 19. exd4 Qxd4 20. Qxb7 Rd8 21. Rd2 Qc3 22. Re2 g6 23. Rxe5 Qxe5 24.
Qf3 {Tunik,G-Korneev,O/Smolensk cup/1991/0.5 (41)}) 17. g4 Bg6 18. exd4 Qd5 19.
Re2 Bxd3 20. Qxd3 Rxe2 21. Qxe2 h6 22. Rd1 Nc4 23. a4 Rd8 24. Kg2 $13 {
Gavrikov,V-Gurevich,M/Vilnius/1985/0.5 (36)}) 15... d4 $2 (15... a5 $2 16. g4
$1 $14 Bg6 17. Bxg6 hxg6 18. b5 Na7 19. Qd3 Qd7 20. Rfd1 Rad8 21. Bg5 f6 22.
Qxg6 Qe6 23. Bf4 Nxb5 24. Rb1 $40 {Lputian,S-Geller,E/New York op/1990/1-0 (37)
}) (15... a6 16. g4 Bg6 17. Bxg6 hxg6 18. Qd3 d4 {0,5/Speelman-Geller,E/London/
1982/}) 16. g4 Bg6 17. Bxg6 hxg6 18. b5 (18. b5 {Dreev,A-Geller,E/Helsinki/
1992/}) 18... dxe3 19. bxc6 e2 20. Qxd8 exf1=Q+ 21. Kxf1 Raxd8 22. cxb7 f6 $2 {
= Dreev} (22... a6 23. Ne5 Rb8 24. Nc4 Rxb7 25. Nd6 Rbe7 (25... Ree7 26. Nxb7
Rxb7 27. Rb1 $18) (25... Bc7 $5 26. Rxc7 Rxc7 27. Nxe8 Rc3 $14) 26. Nxe8 Rxe8
27. Rc6 Re6 28. Rxe6 fxe6 29. Ke2 $16) 23. Rb1 $1 g5 24. Bg3 Rd7 (24... Rb8 25.
Bxb8 Rxb8 26. a4 Kf7 27. Rb5 Ke6 28. a5 Bc7 29. Nd4+ Kd6 30. a6 $18) (24... Rd3
25. Kg2 Rxa3 26. b8=Q Rxb8 27. Bxb8 Ra2 28. Bg3 $18) 25. b8=Q Rxb8 26. Bxb8 Rd3
27. Ke2 Rxa3 28. Rb2 Rc3 29. Bd6 Kf7 30. Bb4 Rc1 31. Bd2 Rc7 32. Be3 Bxe3 33.
Kxe3 $18 Ke6 34. Ke4 Re7 35. Nd4+ Kd6+ 36. Kd3 Rd7 37. Rb5 $1 Kc7 38. Kc4 a6
39. Rc5+ Kb7 40. Rf5 Kb6 41. Rc5 Kb7 42. Rd5 Re7 43. Rd6 Rc7+ 44. Kd5 Re7 45.
Ne6 a5 46. Kc4 Kc8 47. Kb5 Rb7+ 48. Kc6 (48. Kxa5 Rb2 49. Ka6 Ra2+ 50. Kb6 Rb2+
51. Kc6 Rc2+ 52. Nc5 Rxf2 53. Re6 $18) 48... Kb8 49. Nc5 Rb2 50. Rd8+ Ka7 51.
Rd7+ Kb8 52. f3 g6 53. Rf7 1-0

[Event "Amsterdam Euwe Memorial"]
[Site "Amsterdam"]
[Date "1992.??.??"]
[Round "?"]
[White "Seirawan, Yasser"]
[Black "Short, Nigel D"]
[Result "0-1"]
[WhiteElo "2600"]
[BlackElo "2685"]
[Annotator "Ftacnik,L"]
[PlyCount "44"]
[EventDate "1992.05.??"]
[EventType "tourn"]
[EventRounds "6"]
[EventCountry "NED"]
[EventCategory "16"]
[SourceTitle "CBM 030"]
[Source "ChessBase"]
[SourceDate "1992.10.01"]
[SourceVersion "1"]
[SourceVersionDate "1992.10.01"]
[SourceQuality "1"]

1. d4 {Dautov} Nf6 2. c4 e6 3. Nf3 d5 4. Nc3 Be7 5. Bf4 O-O 6. e3 c5 7. dxc5
Bxc5 8. Qc2 Nc6 9. a3 Qa5 10. Rd1 Be7 11. Nd2 e5 12. Nb3 Qb6 13. Bg5 Be6 $6 (
13... Bg4 14. f3 Be6 $5 (14... dxc4 {Dautov} 15. Bxc4 Be6 16. Bxe6 (16. Na4 Nb4
$1 17. Qc3 Na2 18. Qc2 Nb4 19. Qe2 Bxc4 20. Qxc4 Qa6 $10 {Gulko}) 16... fxe6
17. Nd2 Nd5 18. Nc4 Qc7 19. Nb5 Qd7 $10 {Kamsky,G-Short,N Tilburg,1991,Inf.53/
395}) (14... Be6 $1 {Dautov} 15. c5 (15. Bxf6 dxc4 $1) (15. Na4 Qc7 16. Bxf6
dxc4 17. Bxc4 Bxc4 18. Qxc4 Bxf6 19. O-O Bg5 20. e4 Rac8 $10 {ECO}) 15... Qd8
16. Bd3 d4 17. Bxf6 Bxf6 18. exd4 exd4 19. Ne4 Bh4+ 20. g3 Be7 21. O-O Qd5 $15
{Yurtaev,L-Lputjan,S Tbilisi,1980})) (13... d4 {Dautov} 14. Bxf6 Bxf6 15. Nd5
Qd8 16. Bd3 g6 17. exd4 Nxd4 18. Nxd4 exd4 19. Nxf6+ Qxf6 20. O-O Bg4 21. f3
Be6 22. f4 Bd7 23. Be4 Bc6 $13 {Hansen,Cu-Yusupov,A Reykjavik,1985}) 14. Na4 $1
(14. Bxf6 dxc4 15. Bxe7 (15. Nd2 Bxf6 16. Bxc4 $14) 15... cxb3 16. Qe4 Nxe7 17.
Qxe5 $14) (14. cxd5 $142 {Dautov} Nxd5 15. Nxd5 Bxd5 16. Rxd5 Bxg5 $10) 14...
Qa6 $1 (14... Qc7 15. Bxf6 dxc4 16. Bxc4 Bxc4 17. Qxc4 Bxf6 18. Nc3 $14) 15.
cxd5 $4 (15. Nac5 $1 Bxc5 16. cxd5 $1 (16. Nxc5 {Dautov} Qa5+ 17. b4 Nxb4 $17)
16... Bb4+ (16... Qa4 17. dxe6 Bb4+ 18. axb4 Nxb4 19. exf7+ Kh8 20. Qf5 Qxb3
21. Bxf6 Qxf7 22. Bxg7+ Qxg7 23. Qe4 $16) 17. Nd2 Bxd2+ 18. Rxd2 Qa5 19. dxe6
Rad8 20. Bxf6 gxf6 21. exf7+ Kg7 22. Bc4 $18) (15. Bxf6 {Dautov} Qxa4 16. Bxe7
Nxe7 $17) 15... Qxa4 16. Bxf6 (16. dxe6 {Dautov} Nb4 $1 17. exf7+ Kh8 18. axb4
Bxb4+ 19. Ke2 Rac8 20. Qd3 e4 21. Qd4 Qxb3 $19) 16... Nb4 $3 (16... Bxd5 17.
Rxd5 Bxf6 18. Bd3 g6 19. O-O $16) 17. Qe4 $2 (17. axb4 Bxb4+ 18. Ke2 Rac8 19.
Qd3 e4 $1 (19... Bd7 20. Ra1 $1 (20. Kf3 {Dautov} Be7 $17)) 20. Qxe4 Qxb3 21.
Rd4 $5 $13 (21. dxe6 fxe6 $40)) 17... Rac8 $1 (17... Qxb3 $2 {Dautov} 18. Bxe7
Nc2+ 19. Kd2 $16) 18. axb4 $2 (18. Bd3 Nxd3+ (18... g6 $2 19. Bxe7 $18) 19.
Qxd3 Bxf6 20. dxe6 Rfd8 $19) (18. f3 $8) 18... Bxb4+ 19. Ke2 Qxb3 20. Bxe5 (20.
dxe6 fxe6 $1 $19) 20... Rc4 $1 21. Rd4 (21. Bd4 {Dautov} Bxd5 $19) 21... Rxd4
22. Qxd4 Bxd5 {Ftacnik,L} 0-1

[Event "RUS-ch Superfinal 61st"]
[Site "Moscow"]
[Date "2008.10.14"]
[Round "10"]
[White "Tomashevsky, Evgeny"]
[Black "Riazantsev, Alexander"]
[Result "1-0"]
[WhiteElo "2646"]
[BlackElo "2656"]
[Annotator "Ftacnik,L"]
[PlyCount "71"]
[EventDate "2008.10.03"]
[EventType "tourn"]
[EventRounds "11"]
[EventCountry "RUS"]
[EventCategory "17"]
[SourceTitle "EXT 2010"]
[Source "ChessBase"]
[SourceDate "2010.11.25"]
[SourceVersion "1"]
[SourceVersionDate "2010.11.25"]
[SourceQuality "1"]

1. c4 e6 2. Nc3 d5 3. d4 Be7 4. Nf3 Nf6 5. Bf4 O-O 6. e3 Nbd7 7. c5 c6 8. h3 b6
9. b4 a5 10. a3 Ba6 11. Bxa6 Rxa6 12. b5 cxb5 13. c6 Qc8 14. c7 b4 15. Nb5 a4 {
The fight in this sharp variation is dancing around the question, which
advancing pawn is a heavier burden for the opponent. The praxis shows, that
black must immediatelly activate his pieces.} (15... bxa3 16. O-O a4 (16... Ra8
17. Qc2 Ne4 18. Qc6 h6 19. Rfc1 Bb4 20. Rc2 Kh7 21. Ne1 Ndf6 $2 22. f3 Nd2 23.
Rxd2 Bxd2 24. Qc2+ $18 {Gustafsson,J-Oms Pallise,J/Andorra 2002}) 17. Qc2 Ne4
18. Rfc1 h6 19. Bh2 g6 20. Ne1 Ra8 21. f3 Qa6 22. Rab1 Nef6 23. Bd6 {1-0
Schandorff,L (2546)-Iordachescu,V (2567)/Bled 2002 (67)}) 16. Rc1 (16. axb4
Bxb4+ 17. Ke2 Ra5 18. Qd3 Ne4 19. Rhc1 Qa6 $1 (19... Qb7 $2 20. Rab1 Be7 21.
Nd2 Rc8 22. Nxe4 dxe4 23. Qc4 $44 {Sokolov,I-Bologan,V/Pamplona 2002}) 20. Nd6
Qxd3+ 21. Kxd3 Bxd6 22. c8=Q Rxc8 23. Rxc8+ Bf8 $11) 16... Ne4 (16... Ne8 17.
Qc2 b3 18. Qc6 Nc5 19. Ne5 Nf6 20. O-O Nb7 21. f3 Re8 22. Bg5 Na5 23. Qc3 Bf8
24. e4 Ra8 25. Bxf6 gxf6 26. Ng4 {1-0 Farago,I (2504)-Cigan,S (2367)/Austria
2007 (40)}) (16... b3 $2 17. Bd6 $16) 17. Nd2 Ndf6 {Due to the failure of the
black's defense in this game it can be presumed, that the future will belong
to the knight jump to c3.} (17... Nc3 $5 18. Nxc3 bxc3 19. Rxc3 b5 20. Qe2 Qb7
(20... b4 21. axb4 Bxb4 22. Rc2 Nb6 (22... Ra7 23. O-O e5 24. dxe5 Rxc7 25.
Rxc7 Qxc7 26. e6 Ne5 27. exf7+ Rxf7 28. Rb1 $14) 23. O-O {1-0 Miton,K (2530)
-Vaganian,R (2623)/Belgium 2004 (51)}) 21. O-O Rc8 22. Rb1 Rb6 23. Nf3 b4 24.
axb4 Bxb4 25. Rc2 Bd6 26. Rxb6 Qxb6 27. Bxd6 Qxd6 28. Qb5 Rxc7 29. Qxa4 {
1/2 Van Wely,L (2676)-Jussupow,A (2600)/Wolvega 2006}) 18. f3 Ra5 19. Nxe4 $1 {
Very important moment for the result of the fight. Tomashevsky sees the
importance of changing all knights, as then the difference in impact of
darksquared bishops can become visible.} (19. fxe4 $2 Rxb5 20. Bg5 b3 $1 (20...
dxe4 21. Bxf6 gxf6 22. Nxe4 b3 $17) 21. e5 b2 $4 (21... Bxa3 $1 22. Ra1 (22.
exf6 Bxc1 23. Qxc1 b2 $19) (22. Bxf6 gxf6 23. exf6 Kh8 $19) 22... Ne4 23. Nxe4
Bb4+ 24. Nd2 a3 $19) 22. Rc2 $18 {1-0 Leitao,R (2573)-Milos,G (2601)/Sao Paulo
2004/ (30)}) 19... Nxe4 20. fxe4 (20. Qe2 Bh4+ (20... Qd7 21. fxe4 Rc8 22. exd5
exd5 23. Nc3 bxc3 24. Rxc3 $11) 21. Kf1 Ng3+ 22. Bxg3 Bxg3 23. axb4 Ra8 24. f4
a3 25. h4 $11) 20... Rxb5 21. Qxa4 Ra5 22. Qc6 bxa3 (22... dxe4 23. a4 f5 24.
O-O $16) 23. exd5 Rxd5 (23... exd5 24. O-O a2 25. Qxb6 Ra6 26. Qb3 Qe6 27. Ra1
$16) 24. Qxb6 Qd7 25. O-O Rc8 26. Rc6 $1 {[%mdl 4] White is improving on the
Bundesliga game, which saw black's win after the less precise play by white.
Now black pieces are failing to cope with enemy's activity, since the pawn on
c7 is very restrictive.} (26. Qa6 Rb5 27. Rb1 Rb2 28. Rxb2 axb2 29. Qb7 Ba3 30.
Rd1 g5 31. Bg3 Kg7 {0-1 Gyimesi,Z (2616)-Vaganian,R (2587)/Germany 2006 (78)})
26... h6 (26... Bf6 27. Rfc1 e5 (27... Rxd4 28. Qa6 Rb4 29. Qxa3 $16) 28. dxe5
Rd1+ 29. Rxd1 Qxd1+ 30. Kh2 Be7 31. Rd6 $1 Bxd6 32. exd6 Qa4 33. Qb7 Qd7 34.
Qa6 $18) 27. Rfc1 Kh7 28. Qa6 Rf5 (28... g6 29. R1c4 h5 30. Be5 $16) 29. Bd6 $1
{It seems the moment is perfect for elimination of the bishops and thus also
dangerous a3 pawn.} Bh4 (29... Bxd6 30. Rxd6 Qe8 31. Qxc8 Qxc8 32. Rd8 $18) 30.
Qxa3 Bf2+ 31. Kh1 Rd5 32. Bf4 f5 33. Qc3 {Riazantsev has no counterplay for
the pawn c7, which the enemy now sports for free. After the transfer of the
white rook to b8 the defense will simply collapse.} Bh4 (33... g5 34. Bh2 g4
35. hxg4 $18) 34. Rb6 Bg5 35. Be5 (35. Bxg5 hxg5 36. Rb8 Rb5 37. Rxc8 Qxc8 38.
Qa3 $18) 35... Bd8 36. Rb8 1-0

[Event "Hilversum KRO m"]
[Site "Hilversum"]
[Date "1991.??.??"]
[Round "1"]
[White "Timman, Jan H"]
[Black "Ivanchuk, Vassily"]
[Result "0-1"]
[WhiteElo "2630"]
[BlackElo "2735"]
[Annotator "Ftacnik,L"]
[PlyCount "76"]
[EventDate "1991.12.??"]
[EventType "match"]
[EventRounds "6"]
[EventCountry "NED"]
[SourceTitle "CBM 028"]
[Source "ChessBase"]
[SourceDate "1992.06.01"]
[SourceVersion "1"]
[SourceVersionDate "1992.06.01"]
[SourceQuality "1"]

1. d4 {Kortschnoj} d5 2. c4 e6 3. Nc3 Be7 4. Nf3 Nf6 5. Bf4 O-O 6. e3 c5 7.
dxc5 Bxc5 8. Qc2 Nc6 9. a3 Qa5 10. O-O-O Bd7 11. g4 Rfc8 12. h3 {N} (12. Kb1 b5
$1 13. cxb5 Ne7 14. Nd2 Qd8 15. Nb3 $6 Ne4 $1 16. Nxc5 Rxc5 17. Be5 Nxc3+ 18.
Bxc3 Bxb5 19. Bxb5 Rxb5 20. h4 {Gelfand,B-Beliavsky,A/Linares/1991/} Nc8 $1 $17
{Mikhailchishin,A}) (12. g5 $2 {Kortschnoj} Nh5 $1) (12. Kb1 $1 {Kortschnoj})
12... Be8 (12... b5 $5 13. cxb5 (13. cxd5 exd5 14. Nxd5 $2 Nxd5 15. Rxd5 Nb4
16. axb4 Bxb4 $19) 13... Ne7 14. Be5 $13) 13. Nd2 Bf8 14. Be2 Ne7 15. h4 $6 (
15. g5 $5 Nd7 16. Nb3 Qd8 $13) (15. Kb1 $5) (15. Kb1 $1 {Kortschnoj more solid}
) 15... b5 $1 16. g5 (16. cxb5 $2 Ng6 17. Bg3 Bxa3 $17) 16... Ne4 (16... Nd7 $5
17. Nb3 (17. cxb5 Rxc3 18. bxc3 Ng6 $1) 17... Qd8 18. cxb5 Nb6 $40) 17. Ncxe4
$6 (17. Ndxe4 $5 dxe4 18. Bd6 bxc4 19. Bb4 Qb6 20. Nxe4 a5 $1 $40 (20... Nd5
21. Bxf8 Kxf8 22. Nc3 $15)) (17. Nb3 Qb6 18. Nxe4 bxc4 (18... dxe4 19. c5) 19.
Nbd2 dxe4 20. Nxe4 Nd5 $17) 17... dxe4 18. Bd6 (18. Nxe4 Nd5 $1 $40) 18... Nd5
19. Bxf8 Kxf8 20. Nxe4 (20. Qxe4 bxc4 21. Nxc4 (21. Qxh7 c3 $19) 21... Bb5 22.
Rd4 Qa6 $17 (22... Nb6 $2 23. Rd8+ $1 Ke7 24. Rxc8 Rxc8 25. Qb7+ Kf8 26. Qxc8+
Nxc8 27. Nxa5 $18)) (20. Kb1 Rab8 $40) (20. Nb3 Qa4) 20... bxc4 21. Rxd5 $6 (
21. Nc3 Nxc3 (21... Rab8 22. Rxd5 $1 exd5 23. Rd1 $132) 22. Qxc3 Qxc3+ 23. bxc3
Rab8 24. e4 $1 (24. Rd4 Rb3 25. Kc2 Rxa3 (25... Ba4 $5 26. Bxc4 Rb4+ 27. Kd3
Rbxc4 28. Rxc4 Bb5 $19) 26. Rxc4 (26. Bxc4 e5 27. Rg4 Bd7 $19) 26... Ba4+ 27.
Kb2 Rb3+ 28. Ka1 Rxc4 29. Bxc4 Rxc3 $19) 24... Rb3 25. Kd2 Rxa3 26. Rc1 $17) (
21. Nd6 c3 $1) 21... Qxd5 22. f3 (22. Rd1 Ba4 $1) 22... Rab8 23. Rd1 c3 $5 (
23... Qe5 24. Qc3 Qh2 $5) 24. b4 $6 (24. Nxc3 Qe5 25. Qd2 (25. e4 {Kortschnoj}
Ba4 $1 26. Qxa4 Rxc3+ $19) 25... Rd8 26. Qxd8 Rxd8 27. Rxd8 Qxe3+ 28. Kc2 $17)
24... Qf5 (24... Ba4 $1 25. Rxd5 (25. Qxa4 Qa2 26. Qc2 Qxa3+ 27. Kb1 Rxb4+)
25... Bxc2 26. Ra5 Bxe4 27. fxe4 Rc7 $19) 25. Rd4 a5 26. Nd6 Qxc2+ 27. Kxc2
axb4 28. axb4 (28. Nxc8 bxa3 $1 $19 (28... b3+ 29. Kxc3 b2 30. Bd3)) (28. Nxe8
{Kortschnoj} bxa3 $19) 28... Ba4+ 29. Kc1 e5 $1 30. Re4 Rd8 31. b5 Rxd6 32.
Rxa4 Rd2 33. Bc4 Rc8 34. Ba2 (34. b6 Rb2 35. b7 Rxb7 36. Ba6 Ra8 $19) 34... Rb8
(34... c2 35. Bc4 $1) 35. Bc4 Rb2 36. Ra7 Rc8 37. Rxf7+ $2 (37. Ba2) 37... Ke8
38. Be6 Ra8 {Ftacnik,L} 0-1

[Event "Linares 13th"]
[Site "Linares"]
[Date "1995.03.09"]
[Round "7"]
[White "Dreev, Alexey"]
[Black "Short, Nigel D"]
[Result "0-1"]
[WhiteElo "2650"]
[BlackElo "2655"]
[Annotator "Ftacnik,L"]
[PlyCount "44"]
[EventDate "1995.03.01"]
[EventType "tourn"]
[EventRounds "13"]
[EventCountry "ESP"]
[EventCategory "17"]
[SourceTitle "CBM 046"]
[Source "ChessBase"]
[SourceDate "1995.06.01"]
[SourceVersion "1"]
[SourceVersionDate "1995.06.01"]
[SourceQuality "1"]

1. d4 Nf6 2. c4 e6 3. Nf3 d5 4. Nc3 Be7 5. Bf4 O-O 6. e3 c5 7. dxc5 Bxc5 8. a3
Nc6 9. Rc1 a6 (9... dxc4 10. Bxc4 Qxd1+ 11. Kxd1 b6 12. Ke2 Bb7 13. Rhd1 Rfd8
14. Nb5 Ne8 15. Bd3 a5 16. Ng5 Nf6 17. Bg3 Ba6 18. a4 Nb4 19. Bc4 h6 20. Nf3
Ne4 21. Bc7 Rxd1 22. Rxd1 Rc8 23. Rd8+ {Dreev,A-Vaganian,R (3)/Tilburg (4) 20'/
1993/0.5 (23)}) (9... Be7 10. cxd5 exd5 11. Be2 Be6 12. Nd4 Rc8 13. O-O a6 14.
Nxc6 Rxc6 15. Be5 Nd7 16. Bd4 Nb6 17. Bd3 Bf6 18. Bb1 g6 19. b3 Qe7 20. Bxf6
Qxf6 21. Ne2 Rxc1 22. Qxc1 Rc8 23. Qd2 Bf5 24. Bxf5 {Ehlvest,J-Short,N (1)/
Moscow PCA 25' (01)/1994/0.5 (47)}) (9... d4 10. Nxd4 e5 $1 11. Nb3 Bxa3 12.
bxa3 exf4 13. Qxd8 Rxd8 14. exf4 Be6 15. f3 b6 $2 16. Kf2 $1 Nd4 17. Nxd4 Rxd4
18. Ke3 Rd7 19. Be2 Re8 20. Kf2 Rc8 21. Rhd1 Rxd1 22. Rxd1 $6 Kf8 23. Rd4 Ke7
24. g4 $14 {Kramnik,V-Beliavsky,A/Beograd/1993/0.5 (33)}) 10. cxd5 exd5 11. Bg5
(11. b4 Ba7 12. Be2 d4 13. exd4 Nxd4 14. Nxd4 Qxd4 15. Be3 Qxd1+ 16. Nxd1 Bd7
17. Bf3 a5 18. Bxb7 Bxe3 19. Nxe3 Rab8 {Kramnik,V-Ivanchuk,V (02)/New York PCA
25' (3)/1994/0.5 (20)}) (11. Nxd5 Nxd5 12. Rxc5 Nxf4 13. Qxd8 (13. exf4 $2 Qe7+
$19) 13... Nxg2+ 14. Bxg2 Rxd8 $10) 11... d4 $1 $146 (11... Be7 12. Be2 Be6 13.
O-O h6 14. Bh4 Rc8 15. Nd4 Ne5 16. Qb3 Qd7 17. Rfd1 Rfd8 18. Nxe6 fxe6 19. Bg3
Nf7 20. e4 Kf8 21. e5 Ng8 22. Bh5 Nh8 23. Na4 Rxc1 24. Rxc1 $16 {Hamann,
S-Filip,M/Lugano olm/1968/1-0 (37)}) 12. Nb5 $6 (12. Ne4 Qa5+ 13. b4 Nxb4 14.
axb4 Bxb4+ 15. Ned2 Ne4 16. Bf4 dxe3 17. Bxe3 Rd8 $40) (12. Bxf6 gxf6 13. Ne4
Bb6 $36) (12. Bxf6 gxf6 13. Ne4 Bb6) 12... dxe3 $1 13. Qxd8 (13. Rxc5 exf2+ 14.
Ke2 Qe7+ $19) 13... exf2+ 14. Ke2 Rxd8 15. Bxf6 (15. Rxc5 $5 Re8+ 16. Kd1 axb5
17. Bxf6 gxf6 18. Bxb5 Bg4 $17) 15... Re8+ 16. Kd1 gxf6 17. Rxc5 Bg4 $1 (17...
axb5 18. Bxb5 Bg4) 18. Nc3 (18. Nd6 Rad8 19. Rd5 Re6 $19) (18. Nc7 Rad8+ 19.
Rd5 (19. Kc2 Re1 $1 (19... Bxf3 20. gxf3 Nd4+ 21. Kc3 Re3+ 22. Kb4 $13 (22. Kd2
Re1 $19)) 20. Nd5 Bf5+ 21. Kd2 (21. Kb3 Be6 $19) 21... b6 22. Nxe1 bxc5 23. Bc4
Be4 $19) 19... Rxd5+ 20. Nxd5 Rd8 21. Bc4 Ne5 22. Ke2 Bxf3+ 23. gxf3 Nxc4 24.
Nxf6+ (24. Rd1 Rxd5 25. Rxd5 f1=Q+ 26. Kxf1 Ne3+ $19) 24... Kg7 25. Ne4 f5 26.
Nxf2 Rd2+ 27. Ke1 Rxb2 $17) 18... Nd4 19. Bc4 (19. h3 Bxf3+ 20. gxf3 Re1+ 21.
Kd2 Nb3+ $19) (19. Be2 Nxe2 20. Nxe2 Rad8+ 21. Ned4 Bxf3+ 22. gxf3 Rxd4+ 23.
Kc2 Re1 $19) (19. Rc4 Re1+ 20. Kd2 Nxf3+ 21. gxf3 Bxf3 $19) 19... Nxf3 20. Kc2
(20. Be2 Ng1 $1 $19) 20... Bf5+ 21. Kb3 (21. Rxf5 Nd4+ $19) 21... Nd2+ 22. Ka2
Be6 $1 (22... Be6 $1 23. Nd5 Bxd5 24. Bxd5 Re1 $19) 0-1

[Event "Linares 10th"]
[Site "Linares"]
[Date "1992.??.??"]
[Round "8"]
[White "Gelfand, Boris"]
[Black "Jussupow, Artur"]
[Result "1/2-1/2"]
[WhiteElo "2665"]
[BlackElo "2655"]
[Annotator "Ftacnik,L"]
[PlyCount "41"]
[EventDate "1992.02.??"]
[EventType "tourn"]
[EventRounds "13"]
[EventCountry "ESP"]
[EventCategory "17"]
[SourceTitle "CBM 028"]
[Source "ChessBase"]
[SourceDate "1992.06.01"]
[SourceVersion "1"]
[SourceVersionDate "1992.06.01"]
[SourceQuality "1"]

1. d4 Nf6 2. c4 e6 3. Nf3 d5 4. Nc3 Be7 5. Bf4 O-O 6. e3 c5 7. dxc5 Bxc5 8. Qc2
Nc6 9. a3 Qa5 10. O-O-O Ne4 {N} 11. Nb5 (11. Nxe4 dxe4 12. Qxe4 Bxa3 13. bxa3
Qxa3+ 14. Kd2 Rd8+ $22 15. Bd3 f5 $19) 11... a6 12. Nc7 (12. Bc7 b6 $13) 12...
e5 13. Nxd5 $1 (13. Nxa8 exf4 14. cxd5 Nxf2 $40) (13. Bxe5 Nxe5 14. Nxa8 Ng4
$17) 13... Nxf2 $1 (13... exf4 14. Qxe4 $36) 14. Ng5 (14. Qxf2 exf4 15. Nxf4
Re8 $40) 14... Bf5 $1 15. Qxf2 (15. Qxf5 g6 16. Qc2 Nxd1 $17) 15... exf4 16.
Qxf4 Ne7 $1 17. Nxe7+ Bxe7 18. Rd5 Qe1+ 19. Rd1 Qa5 20. Rd5 Qe1+ 21. Rd1 {
Ftacnik,L} 1/2-1/2

[Event "Sochi-A"]
[Site "Sochi"]
[Date "1989.??.??"]
[Round "?"]
[White "Ruban, Vadim"]
[Black "Kotronias, Vasilios"]
[Result "0-1"]
[WhiteElo "2515"]
[BlackElo "2475"]
[Annotator "Ftacnik,L"]
[PlyCount "56"]
[EventDate "1989.01.??"]
[EventType "tourn"]
[EventRounds "15"]
[EventCountry "URS"]
[EventCategory "10"]
[SourceTitle "CBM 016"]
[Source "ChessBase"]
[SourceDate "1990.06.01"]
[SourceVersion "1"]
[SourceVersionDate "1990.06.01"]
[SourceQuality "1"]

1. d4 d5 2. c4 e6 3. Nc3 Be7 4. Nf3 Nf6 5. Bf4 O-O 6. e3 c5 7. dxc5 Bxc5 8. a3
Nc6 9. Qc2 Qa5 10. O-O-O dxc4 11. Bxc4 a6 {N} 12. Ng5 Be7 (12... b5 $2 13. Nce4
$18) 13. h4 h6 14. g4 (14. Nce4 Nxe4 15. Qxe4 Qf5) 14... b5 (14... Ne5 15. Rd5
exd5 16. Bxe5 Rd8 17. Ba2 Bxg4 18. Rg1 Rac8 19. Rxg4 hxg5 20. Rxg5 Qb6 $17 {
Ruvan,V-Maric,A/Palma GMA-op/1989/1/4-1/4/35/ -> TD 1989/12}) 15. Nce4 g6 16.
Nxf6+ (16. Bb3 $5) 16... Bxf6 17. Bd3 (17. Bb3 b4 18. a4 hxg5 19. hxg5 Bxg5 20.
Qxc6 $40) (17. Nxf7 $5 Rxf7 (17... bxc4 18. Qxg6+ Bg7 19. Nxh6+ Kh8 20. Nf7+
Rxf7 21. Qxf7 $40) 18. Qxg6+ Bg7 19. Bd3 $40) 17... b4 18. Bxg6 hxg5 19. hxg5
Be5 20. Bxf7+ $4 (20. Rh7 $5 Bg7 21. Rdh1 Ne5 22. Rxg7+ Kxg7 23. Bxe5+ Qxe5 24.
Rh7+ Kg8 25. Bxf7+ Rxf7 26. Qg6+ Rg7 27. Qe8+ Kxh7 28. Qh5+ $10 {Ruban}) (20.
Be4 $1 bxa3 21. Bxe5 Qxe5 22. Bxc6 Qxb2+ 23. Qxb2 axb2+ 24. Kb1 Ra7 25. Rh6 Rc7
26. Be4 Bd7 27. Rdh1 Rc1+ 28. Kxb2 $16 {Ruban}) 20... Rxf7 21. Qg6+ Kf8 22.
Qh6+ Bg7 23. Bd6+ Ne7 24. Qh2 bxa3 25. Bxa3 Bb7 26. g6 Be4 $1 27. Rd4 Rc8+ 28.
Kd1 Bf3# {Ftacnik} 0-1

[Event "Tilburg"]
[Site "Tilburg"]
[Date "1994.??.??"]
[Round "1"]
[White "Van Wely, Loek"]
[Black "Sokolov, Ivan"]
[Result "0-1"]
[WhiteElo "2560"]
[BlackElo "2625"]
[Annotator "Ftacnik,L"]
[PlyCount "64"]
[EventDate "1994.09.??"]
[EventType "k.o."]
[EventRounds "7"]
[EventCountry "NED"]
[SourceTitle "CBM 044"]
[Source "ChessBase"]
[SourceDate "1995.02.01"]
[SourceVersion "1"]
[SourceVersionDate "1995.02.01"]
[SourceQuality "1"]

1. d4 Nf6 2. c4 e6 3. Nf3 d5 4. Nc3 Nbd7 5. Bf4 dxc4 6. e4 $146 (6. e3) 6...
Bb4 7. Qc2 b5 (7... Nb6 $5 8. Be2 (8. Bxc4 Bxc3+ 9. bxc3 Nxc4 10. Qa4+ c6 11.
Qxc4 Nxe4 $17)) 8. e5 (8. a4 $6 Bb7 9. e5 Bxf3) 8... Nd5 9. Bg5 f6 10. exf6
N7xf6 (10... gxf6 11. Bh6 Bb7 12. Be2 (12. Bg7 Rg8 13. Qxh7 Rxg7 $1 14. Qxg7
Nxc3 $17) 12... Qe7 13. O-O Bxc3 14. bxc3 $15) 11. a4 Bb7 $1 12. Be2 (12. axb5
Nxc3 13. bxc3 Bxf3 14. gxf3 (14. cxb4 Qxd4 15. Rc1 Qe5+ 16. Be3 Bd5 $17) 14...
Qxd4 $17) 12... a6 13. O-O c6 14. Ne5 O-O 15. Bg4 $5 {xe6} Qd6 16. Bh3 Bxc3 (
16... c5 $6 17. axb5 cxd4 18. Nxc4) 17. bxc3 c5 $1 18. axb5 axb5 19. Nf3 Rxa1
20. Rxa1 Nf4 (20... cxd4 21. Nxd4 $132) 21. Bxf4 Qxf4 22. Bxe6+ Kh8 23. dxc5 (
23. Ne5 $2 cxd4 24. Nf7+ Rxf7 25. Bxf7 Ng4 26. g3 Qf3 $19) 23... Bxf3 24. gxf3
Qg5+ (24... Qxf3 25. Rb1 $15) 25. Kf1 Qxc5 26. Re1 Nh5 27. Qe4 Nf4 28. Bf5 Nd3
29. Re3 h6 (29... Qa3 30. Qe7 Qc1+ 31. Kg2 Nf4+ 32. Kg3 $132) 30. Bg6 Nf4 (
30... Qa3 $1 $19) 31. Qe8 Qd6 32. Bf7 $4 (32. Bc2 $1 $17) 32... Rxe8 0-1